Sushi Train Nigiri Menu - Statistics

General Stats
  • This quiz has been taken 12 times
    11 since last reset
  • The average score is 3 of 59
Answer Stats
Hint Answer % Correct
Sal Salmon
90%
Tako Octopus
40%
Ika (w) / (T) Squid
30%
A-Hotate Aburi Hotate
10%
A-Sal Aburi Salmon
10%
A-Wag (Negi) Aburi Wagyu
10%
Chic Avo Chicken & Avocado
10%
Ebi Katsu Ebi Katsu
10%
Hotate Hotate
10%
Ika Tem Ika Tempura
10%
Inari Inari
10%
Kaniyan Kaniyan
10%
Megane Megane
10%
Pink Pink Shrimp
10%
Ebi Prawn
10%
Spi Chic Avo Spicy Chicken & Avocado
10%
Tamago Tamago
10%
Temari Temari
10%
Unagi Unagi
10%
Unatama Unatama
10%
Chashu Aburi Chashu
0%
Duck Aburi Duck
0%
A - Kani Chee Aburi Kanikama Cheese
0%
A-P-C Aburi Prawn Cheese
0%
A - Tama Chee Aburi Tamago Cheese
0%
Aka Akagai
0%
Asp Asparagas Tempura
0%
Pump Carrot & Pumpkin
0%
Chic Chee Chicken Cheese
0%
Corn Corn Kakiage
0%
Engawa Flat Fish
0%
Hokki Hokkigai
0%
Sugata Ika Sugata
0%
Kakiage Kakiage
0%
Kaki Avo Kakiage & Avocado
0%
Kanikama Kanikama
0%
Kani Avo Kanikama & Avocado
0%
Hamachi/King King Fish
0%
Saba Mackerel
0%
K-tataki Marinated Bonito
0%
Zuke Marinated Raw Tuna
0%
M-tataki Marinated Tuna
0%
Ebi Fry Mini Ebi Fry
0%
Ebi Fry Avo Mini Ebi Fry & Avocado
0%
Ebi Tem Mini Ebi Tempura
0%
Ebi Tem Avo Mini Ebi Tempura & Avocado
0%
Nasu Nasu Tempura
0%
Okura Okura Tempura
0%
P-Vol Prawn Volcano
0%
Maguro Raw Tuna
0%
Harami Salmon Belly
0%
Seaweed Inari Seaweed Inari
0%
Amaebi Sweet Prawn
0%
Tsubu Tsubugai
0%
A-Wag (Uni) Uni Wagyu
0%
Yuzu Hotate Yuzukosho Hotate
0%
Yuzu Ika Yuzukosho Ika
0%
Yuzu Sal Yuzukosho Salmon
0%
Yuzu Tako Yuzukosho Tako
0%
No matching quizzes found
Score Distribution
Percent of People with Each Score
Percentile by Number Answered
Your Score History
You have not taken this quiz since the last reset